000 00954nam a2200265 i 4500
001 13780
003 ES-MaACL
005 20250829050155.0
007 t|
008 980703s1998 sp ||||1| spa d
020 _a84-7658-526-8
080 _a130.2"19"
245 0 0 _aY después del postmodernismo ¿qué? /
_cRosa Mª Rodríguez Magda, Mª Carmen Africa Vidal (eds.) ; Román de la Calle... [et al.].
250 _a1ª ed.
260 _aBarcelona :
_bAnthropos ;
_a[Valencia] :
_bDirecció General de Promoció Cultural, Museus i Belles Arts,
_c1998.
300 _a271 p. ;
_c18 cm.
490 1 _aBiblioteca A ;
_v28.
_aConciencia
650 1 7 _aPostmodernismo
_2embne
_916329
700 1 _aRodríguez, Rosa María.
_998300
700 1 _aVidal, M. Carmen África.
_9149509
700 1 _aCalle, Román de la (
_d1942-)
_933701
830 0 _aBiblioteca A ;
_v28.
_aConciencia
_9179400
852 _aES-MaACL
_jL-21159
999 _c13780
_d13780